ANIMORPHS (Record no. 5950)
[ view plain ]
| 000 -LEADER | |
|---|---|
| fixed length control field | 00604nam a22001457a 4500 |
| 020 ## - INTERNATIONAL STANDARD BOOK NUMBER | |
| ISBN | 0-439-07031-7 |
| 082 ## - DEWEY DECIMAL CLASSIFICATION NUMBER | |
| Classification number | 823 |
| Item number | APP/A |
| 100 ## - MAIN ENTRY--AUTHOR NAME | |
| Personal name | APPLEGATE, K A |
| 245 ## - TITLE STATEMENT | |
| Title | ANIMORPHS |
| Remainder of title | THE CONSPIRACY |
| 260 ## - PUBLICATION, DISTRIBUTION, ETC. (IMPRINT) | |
| Place of publication | NEW YORK |
| Name of publisher | SCHOLASTIC |
| Year of publication | 1999 |
| 300 ## - PHYSICAL DESCRIPTION | |
| Number of Pages | 139 |
| 520 ## - SUMMARY, ETC. | |
| Summary, etc | After Marco prevents Jake's father from being infested, Tom has Chapman and a few other human-Controllers attempt a drive-by to assassinate Jake's father, although they are stopped by Jake. The Animorphs kidnap Chapman and Jake asks Ax to torture him before allowing him to escape. |
| 650 ## - SUBJECT ADDED ENTRY--TOPICAL TERM | |
| Topical Term | ADVENTURE |
| Geographic subdivision | UNITED STATES |
| 942 ## - ADDED ENTRY ELEMENTS (KOHA) | |
| Koha item type | Books |
| Withdrawn status | Lost status | Collection code | Home library | Current library | Shelving location | Date acquired | Source of acquisition | Full call number | Accession Number | Koha item type |
|---|---|---|---|---|---|---|---|---|---|---|
| Fiction | Main Library | Main Library | SHELF 15 H-HARRY POTTER(CHARACTERISATION),WIMPY KID,DORK DIARIES | 18/06/2010 | purchase | 823 APP/A | 05427 | Books |